Normal view
MARC view
- Smith, Kenneth C Carusone, Tony Chan Gaudet, Vincent C
Entry Corporate Name
001 - CONTROL NUMBER
- control field: 103912
003 - CONTROL NUMBER IDENTIFIER
- control field: NUST
005 - DATE AND TIME OF LATEST TRANSACTION
- control field: 20221201134048.0
008 - FIXED-LENGTH DATA ELEMENTS
- fixed length control field: 221201|| aca||aabn | a|a d
040 ## - CATALOGING SOURCE
- Original cataloging agency: NUST
- Transcribing agency: NUST
110 ## - HEADING--CORPORATE NAME
- Corporate name or jurisdiction name as entry element: Smith, Kenneth C Carusone, Tony Chan Gaudet, Vincent C
670 ## - SOURCE DATA FOUND
- Source citation: Work cat.: (NUST): Sedra, Adel S, Microelectronic Circuits, 2021.
